| 000 | 00431nam a2200181Ia 4500 | ||
|---|---|---|---|
| 008 | 210210b1935 xxu||||| |||| 00| 0 eng d | ||
| 041 | _aeng | ||
| 082 | _a940/9 | ||
| 100 | _aARCHER (A B) | ||
| 245 | _aFrom Constantine to Bismarck | ||
| 260 |
_aCambridge _bAt the University Press _c1935 |
||
| 650 | _ato | ||
| 650 | _aFrom | ||
| 650 | _aConstantine | ||
| 650 | _aBismarck | ||
| 690 | _aEuropean History | ||
| 906 | _a025079 | ||
| 999 |
_c150928 _d150928 |
||